[Event "Corus"]
[Site "Wijk aan Zee"]
[Date "2001.01.18"]
[Round "5"]
[White "Piket, Jeroen"]
[Black "Fedorov, Alexei"]
[Result "1-0"]
[WhiteElo "2632"]
[BlackElo "2575"]
[Annotator "Hazai,L"]
[PlyCount "75"]
[EventDate "2001.01.13"]
[EventType "tourn"]
[EventRounds "13"]
[EventCountry "NED"]
[EventCategory "19"]
[SourceTitle "CBM 081"]
[Source "ChessBase"]
[SourceDate "2001.03.20"]
[SourceVersion "1"]
[SourceVersionDate "2001.03.20"]
[SourceQuality "1"]

1. d4 Nf6 2. c4 g6 3. Nc3 Bg7 4. e4 d6 5. Bd3 O-O 6. Nge2 Nc6 {Black is
playing for e5, but only after some preparations.} (6... c5 7. d5 e6 {is the
other possibility to undermine White's [+], which may lead to the Penrose
Attack of the Benoni after} 8. O-O exd5 9. cxd5) 7. O-O Nh5 8. Bc2 (8. Be3 e5
9. d5 {see the notes to the game Feletar-Gallagher, Pula zt 2000 CBM 77.}) 8...
e5 9. d5 Ne7 10. a4 {This is the popular plan these days. White wants to
increase pressure on the <<, but he is also ready to fight on the >> .
Sometimes the R may come via a3 to the >>.} (10. Rb1 {- Feletar-Gallagher,
Pula zt 2000 CBM 77}) 10... Kh8 (10... a5 {otherwise 11.a5 comes.} 11. Ra3 f5
12. exf5 Nxf5 {Now White can blockade on >< e4.} (12... gxf5 $5 {deserves
serious attention.} 13. f4 Ng6) 13. Ne4 Nf6 14. Bg5 Qe8 15. N2c3 Nxe4 16. Bxe4
Bf6 17. Bc1 {White has to keep his good B.} Qe7 18. Nb5 $14 {Bareev-Dolmatov,
Rus-ch Elista rapid 1997}) (10... f5 11. exf5 gxf5 12. Ng3 (12. f4 Ng6 $11 {
Borne-Le Quang, Bagneux 1999 Inf.77/(544)}) 12... Nf4 $5 13. Ra3 (13. Bxf4 $143
$6 {creates a phantastic B on the long /^.} exf4 14. Nh5 (14. Nge2 Be5 $15)
14... Be5 15. Ne2 Ng6 $15 {and >< f4 is in Black's hand.}) (13. Nh5 $5 Nxh5 14.
Qxh5 {is worthy of consideration similarly to the game continuation.}) 13...
Neg6 14. Nce2 $1 Bh6 $5 {Black wants to keep control over the vital f4 square
by all means.} (14... c5 $143 15. Nxf4 $1 exf4 (15... Nxf4 16. Nh5 Nxh5 17.
Qxh5 $14) 16. Nh5 Be5 17. Rf3 $1 {Here we see the point of a4 and Ra3.} Qh4 18.
Rh3 Qg5 {(Pinter-Nataf, Batumi EU-chT 1999 77/544)} 19. Qd3 $1 Bd7 20. Kh1 $1
Qe7 21. Qf3 $16 {J.Pinter}) 15. Nxf4 Bxf4 16. Nh5 Bxc1 17. Qxc1 f4 $13 {
is an untested idea of Nataf.}) 11. a5 (11. Ra3 $5 {preparing against f7-f5.})
11... f5 12. exf5 gxf5 13. Ng3 Nf4 (13... Nxg3 $143 14. fxg3 $1 {>< f5 /\ g4
after some preparation ruining Black's [+].}) 14. Nh5 (14. Ra3 Neg6 15. Nh5 Bh6
{is similar to Nastaf's suggestion.}) 14... Nxh5 15. Qxh5 a6 {This was not so
important, the fight is now on the >>.} (15... Ng8 16. Bg5 Nf6 (16... Bf6 17.
Be3 $14) 17. Qh4 $14) (15... Ng6 $1) 16. Bg5 Bd7 $2 {This loses material.} (
16... Bf6 17. Bxf6+ Rxf6 18. f4 $14 {fixing the weakness on f5 is not
comfortable, but still much better than the game continuation.}) (16... Qe8 $2
17. Qxe8 Rxe8 18. Ba4 $16 {loses material from the other /^.}) 17. Qh4 Rf7 18.
Bd1 $1 {This is the strong move, probably overseen by Black before. Now Black
will lose an exchange.} Qf8 19. Bh5 $18 {The game is over.} Rf6 20. Qh3 Rh6 21.
f4 Rxh5 22. Qxh5 Ng6 23. Rae1 Re8 24. fxe5 Bxe5 25. Ne2 Bxb2 26. Nf4 Nxf4 27.
Bxf4 Be5 28. Qh4 b5 29. axb6 cxb6 30. Kh1 a5 31. Qf2 a4 32. Bxe5+ dxe5 33. Qxb6
f4 34. c5 a3 35. Qb4 a2 36. Qb2 Qf6 37. Qxa2 Bb5 38. Rf2 1-0

[Event "Dos Hermanas-A"]
[Site "Dos Hermanas"]
[Date "2001.04.19"]
[Round "1"]
[White "Sokolov, Ivan"]
[Black "Smirin, Ilia"]
[Result "1/2-1/2"]
[WhiteElo "2659"]
[BlackElo "2691"]
[Annotator "Hazai,L"]
[PlyCount "77"]
[EventDate "2001.04.19"]
[EventType "tourn"]
[EventRounds "9"]
[EventCountry "ESP"]
[EventCategory "16"]
[SourceTitle "CBM 083"]
[Source "ChessBase"]
[SourceDate "2001.07.05"]
[SourceVersion "1"]
[SourceVersionDate "2001.07.05"]
[SourceQuality "1"]

1. d4 Nf6 2. c4 g6 3. Nc3 Bg7 4. e4 d6 5. Bd3 Nc6 6. Nge2 O-O 7. O-O Bd7 {
This is a quite unusual move, I think it's main goal is to deviate from the
main lines. The B on d7 is not much better than on c8, meanwhile White gets a
vital tempo.} (7... Nh5 {is the most popular continuation these days.} 8. Bc2
e5 9. d5 Ne7 10. a4 {- Piket-Fedorov, Wijk aan Zee 2001 CBM 81} (10. Rb1 {
- Feletar-Gallagher, Pula zt 2000 CBM 77}) (10. Kh1 {- V.Georgiev-T.Balogh,
Krynica zt 1998 CBM 67})) (7... e5 {was the old main line.} 8. d5 Nd4 {-
Seirawan-Egger, Istanbul ol 2000 CBM 81}) 8. Bc2 {This is a somewhat
sophysticated answer, although typical in this variation.} (8. Rb1 $143 {
takes the place from the B if he is attacked by Nb4.} e5 9. d5 Nb4 {The B is
"bad" because of the P structure, but after changing it While will miss the ^^.
} 10. Ng3 {The N is not well-placed here.} Nxd3 11. Qxd3 h5 12. Bg5 Qe8 {/\ Nh7
} 13. Nge2 {This is a sad retreat.} Nh7 14. Bd2 f5 15. exf5 gxf5 16. f4 {
White has to blockade the f5 P.} e4 17. Qg3 Rf6 18. Be3 Rg6 19. Qf2 Nf6 $13 {
L.Hansen-Nunn, London 1987}) (8. f3 $5 {looks more to the point giving the
position a Samish caracter.} e5 9. d5 Nb4 10. Bb1 {/\ a3, b4} a5 11. Be3 {
is also good.} (11. a3 Na6 12. Bc2 Ne8 ({Black cannot improve his N's position
by} 12... Nc5 {because of} 13. Be3 {/\ b4}) 13. Be3 (13. Ba4 $5 {trying to
exchange the light-squared B is interesting.}) 13... f5 (13... c5 {This closes
the << for a while, but the N on a6 remains passive and the light squares are
weakened. Black is not strong enough to continue this plan with an assault on
the >>.} 14. g4 (14. Ba4 {looks logical, Black has to avoid the exchange of
his vital light-squared B by} Bc8) 14... Bf6 {Regrouping his pieces as in the
Czech-Benoni.} 15. Qd2 {against Bg5.} Ng7 16. Ng3 Kh8 17. Kh1 {White is
preparing against f7-f5.} Be7 18. Bh6 Rg8 19. Rg1 $14 {with better chances on
both flanks, Matamoros Franco-Glavina Rossi, Ceuta 1995.}) 14. exf5 {Otherwise
f4, g5 will come with a strong -> on the >>.} gxf5 15. Qd2 c5 16. f4 $1 $14 (
16. Bg5 Bf6 17. Bh6 Bg7 18. Bg5 Bf6 19. Bh6 Bg7 {leads only to threefold
repetition after} 20. Bg5 {1/2-1/2 Dokutchaev-I.Zaitsev, Cherepovets 1993}))
11... Qe7 (11... Ne8 $5) 12. a3 Na6 13. Bc2 c5 14. Ba4 $1 {This is the typical
method again!} (14. dxc6 {gives up White's space advantage.} bxc6 15. Qd2 Be6
16. Ba4 Qc7 17. Bb3 Nc5 {1/2-1/2 Kiselev-I.Zaitsev, Moscow 1992}) 14... Bc8 15.
Qd2 $14 {and Black cannot organize his counterattack on the >> easily.}) 8...
e5 (8... Nb4 9. Bb1 c5 10. d5 $14 {leads to a favourable Benoni for White.}) 9.
d5 Nb4 10. Bb1 {/\ a3, b4} a5 11. f3 {Now we have got the position mentioned
before without a tempo!} (11. a3 Na6 12. Bc2 Nc5 {Black has time to build up
the stronghold on c5.} 13. b3 Nh5 $132) 11... Kh8 {This is again a bit
sophysticated manoeuvre planning Ng8 and Bh6 exchanging the passive B.} (11...
Ne8 {/\ f5 seems to be more direct.} 12. Be3 f5 13. exf5 (13. c5 dxc5 (13... f4
14. Bf2 $14) 14. Bxc5 Nd6 {Black's only hope is to blockade on d6, for example:
} 15. a3 Na6 16. Be3 Nc4) 13... gxf5 14. f4 $14 {although White has lost some
tempi.}) (11... Nh5 12. g4 $1 {and the P sac on f4 cannot be correct.}) 12. Be3
Ng8 13. c5 (13. Qd2 {against Bh6} Qh4 {for Bh6} 14. Bg5 Bh6 15. Bxh4 Bxd2 16.
Bf2 b6 17. Rd1 Bg5 18. a3 Na6 19. Bc2 $14 {is a typical King's Indian _|_,
where Black lacks the possibility of a >> ->.}) 13... Bh6 14. Bf2 {White
certainly has to keep the strong B on the g1-a7 /^.} Qe7 15. cxd6 cxd6 16. Na4
{White wants to exploit the weaknesses on the <<.} (16. f4 exf4 17. Bd4+ Bg7
18. Bxg7+ Kxg7 19. Nxf4 Nf6 $13 {and it is far from easy to organize a
breakthrough on e5.}) 16... f5 17. Nb6 fxe4 $1 18. Bxe4 (18. Nxa8 exf3 19. Nb6
fxe2 20. Qxe2 Nf6 $44 {dramatically changes the course of the game giving
enough activity for the black pieces for the exchange.}) (18. fxe4 Rae8 (18...
Rxf2 $2 19. Rxf2 Be3 20. Nxa8 $18) 19. Nxd7 Qxd7 20. Nc3 Nf6 {/\ Ng4}) 18...
Rae8 19. Nxd7 Qxd7 20. a3 (20. Nc3 Nf6 21. a3 Na6) 20... Na6 21. Qe1 $1 Qd8 22.
Nc3 Nf6 23. Rd1 {finishing the development of the <<.} Nd7 $6 {Now White can
exploit the weakness of the light squares.} (23... Nc5 24. Bxc5 dxc5 25. d6 Qb6
{would have minimized the demage, although after} 26. Qe2 $14 {White still
keeps the edge.}) 24. Bd3 $16 (24. Rb1 $5 {/\ b4}) 24... Nac5 25. Bb5 Re7 26.
b4 (26. Rb1 Nb3) 26... axb4 27. axb4 Nb3 {This is the only chance to put it on
d4, sacrificing the P and hoping for the drawing chances in view of the ^-.}
28. Ne4 (28. Ne2 $5 {against Nd4.}) (28. Bxd7 $5 {comes into consideration
securing the N1s excellent position on e4.}) 28... Nf6 29. Nxf6 Rxf6 30. Qc3
Nd4 31. Rxd4 $1 {winning the second P.} exd4 32. Bxd4 Re5 33. Bxe5 {White has
to play very carefully because of the ^-, and his light-squared B is rather
useless.} (33. g3 $5 Bg7 34. Bxe5 dxe5 35. Qc4 {was worthy of consideration.})
33... dxe5 34. Qxe5 Bf8 35. Rb1 (35. Rc1 Bxb4 36. Rc7 Bd6 37. Rc8 Bxe5 38.
Rxd8+ Kg7 {is already not so easy, but still better.}) 35... Bd6 36. Qc3 $6 (
36. Qd4 $1 {looked more to the point.}) 36... Kg7 37. Bf1 Qb6+ 38. Kh1 Qf2 {
and suddenly Black's pressure on the dark squares becomes rather irritating!}
39. Qe1 1/2-1/2